LEADER 01065nam a2200265 i 4500 001 000000106058 003 CaOOAMICUS 005 20091202000000.0 008 091202s1995 it u000 u ita u 013 $a78252 020 $a88-384-2123-4 040 $aSeMil$bita 245 10$aMezzogiorno e solidarietà /$cLuciano Baronio (a cura di) 260 $aCasale Monferrato (AL) :$bPiemme,$c1995. 300 $a223 p. ;$c21 cm. 490 0 $aBiblioteca della solidarietà ;$v21 650 4$aItalia meridionale.$0(OLS)http://semarc/subject/10396 700 1 $aBaronio, Luciano.$0(OLS)http://semarc/name/44636 830 0$aBiblioteca della solidarietà ;$v21.$0(OLS)http://semarc/title/9466 850 $aSeMil 852 $aSeMil$W1$xVenegono$y1$m2F I 21$j62213$B62213$CSeMilBibl$Z2$F76945 $81 961 $aOmaggio: Monti don Eros 996 $6020$a88-384-2123-4$9(OLS)http://semarc/number/86498 996 $6245$aMezzogiorno e solidarietà$9(OLS)http://semarc/title/153723 996 $6260$aCasale Monferrato (AL) :$bPiemme$9(OLS)http://semarc/publisher/30052 LEADER 00989naa a2200181 i 4500 001 000000307732 003 CaOOAMICUS 005 20180831172922.0 008 180831n it u000 u ita u 013 $a16579 040 $aSeMil$bita 100 1 $aSalmann, Elmar,$c.$0(OLS)http://semarc/name/15776 245 13$aLa benedizione sacramentale - Compagnia e compagine per una concezione diversa dell'universalità mediata. 650 4$aSacramenti - Teologia cattolica.$0(OLS)http://semarc/subject/113 650 4$aUniversalità - Salvezza.$0(OLS)http://semarc/subject/40630 650 4$aMediazione sacramentale.$0(OLS)http://semarc/subject/43695 773 0 $tUniversalità della salvezza e mediazione sacramentale.$dAssisi : Cittadella, 2010.$kGestis verbisque / Istituto Teologico Marchigiano$z978-88-308-1025-9$gp.28-44$w()187013 996 $6245$aLa benedizione sacramentale - Compagnia e compagine per una concezione diversa dell'universalità mediata$9(OLS)http://semarc/title/383053